000 00419nam a2200157Ia 4500
008 231217s9999 xx 000 0 und d
020 _a8178814064
041 _aEnglish
082 _a658.473 SUR;1 R
100 _aSuryanarayana, A ed.
245 0 _aCorporate frauds : trends and lessons
260 _c2002
_bIcfai
_aHyderabad
300 _ax, 206+A15
650 _aCorporate,frauds,trends,lessons
942 _cAA
999 _c189088
_d189088